| 000 | 00615nam a22002057a 4500 | ||
|---|---|---|---|
| 005 | 20250904115545.0 | ||
| 010 | _aENG-146629 | ||
| 020 |
_a9789392150470 _c335.00 |
||
| 035 | _aEN-130161 | ||
| 037 | _bDBAD | ||
| 082 |
_a378 _21 |
||
| 100 |
_aMeenakshi, R. _984736 |
||
| 245 |
_aHigher Education And Society/ _cR. Meenakshi |
||
| 250 | _a1 | ||
| 260 |
_aMadurai, Tamil Nadu _bMind Reading Publications _c2025 |
||
| 270 |
_aMind Reading Publications 1068, HIG, TNHB Colony _bMadurai _e625011 |
||
| 300 |
_a162p. _c22cm(pbk) |
||
| 700 |
_aKannan, B. _984716 |
||
| 942 |
_2ddc _cEN _h378 _mRME _e1 |
||
| 999 |
_c213321 _d213321 |
||